[Event "CZE-chT2E 1617"]
[Site "Czech Republic"]
[Date "2016.12.11"]
[Round "5.7"]
[White "Moucka, Jiri"]
[Black "Vachek, Jiri"]
[Result "1/2-1/2"]
[WhiteElo "1986"]
[BlackElo "1933"]
[PlyCount "44"]
[EventDate "2016.09.10"]
[EventType "team-tourn"]
[EventRounds "11"]
[EventCountry "CZE"]
[SourceTitle "EXT 2022"]
[Source "ChessBase"]
[SourceDate "2021.10.06"]
[SourceVersion "1"]
[SourceVersionDate "2021.10.06"]
[SourceQuality "1"]
[WhiteTeam "Vyskov"]
[BlackTeam "Brno Lokomotiva II"]
[WhiteTeamCountry "CZE"]
[BlackTeamCountry "CZE"]

1. e4 e6 2. d4 d5 3. Nd2 c5 4. exd5 exd5 5. Ngf3 Nc6 6. Be2 Nf6 7. 0-0 cxd4 8. Nb3 Be7 9. Nfxd4 Nxd4 10. Nxd4 0-0 11. Re1 Bd7 12. Bf3 Bc6 13. Bg5 h6 14. Bh4 Ne4 15. Bxe7 Qxe7 16. Bxe4 dxe4 17. Nxc6 bxc6 18. Qd4 Rfe8 19. Re3 Rad8 20. Qc4 c5 21. Rc3 Qd6 22. h3 Re5 1/2-1/2

[Event "CZE-chT2D 0809"]
[Site "Czech Republic"]
[Date "2009.04.05"]
[Round "11.6"]
[White "Moucka, Jiri"]
[Black "Fencl, Vaclav"]
[Result "1/2-1/2"]
[WhiteElo "2018"]
[BlackElo "2036"]
[PlyCount "25"]
[EventDate "2008.10.12"]
[EventType "team-tourn"]
[EventRounds "11"]
[EventCountry "CZE"]
[SourceTitle "EXT 2010"]
[Source "ChessBase"]
[SourceDate "2010.11.25"]
[SourceVersion "1"]
[SourceVersionDate "2010.11.25"]
[SourceQuality "1"]

1. e4 d6 2. d4 Nf6 3. Nc3 e5 4. dxe5 dxe5 5. Qxd8+ Kxd8 6. Nf3 Bd6 7. Bg5 Be6 8. 0-0-0 Nbd7 9. Bb5 Ke7 10. Nd5+ Kf8 11. Rhe1 Bxd5 12. exd5 a6 13. Bxd7 1/2-1/2

[Event "CZE-chT2D 0809"]
[Site "Czech Republic"]
[Date "2009.03.22"]
[Round "10.6"]
[White "Bukacek, Lubomir"]
[Black "Moucka, Jiri"]
[Result "1/2-1/2"]
[WhiteElo "2025"]
[BlackElo "2018"]
[PlyCount "25"]
[EventDate "2008.10.12"]
[EventType "team-tourn"]
[EventRounds "11"]
[EventCountry "CZE"]
[SourceTitle "EXT 2010"]
[Source "ChessBase"]
[SourceDate "2010.11.25"]
[SourceVersion "1"]
[SourceVersionDate "2010.11.25"]
[SourceQuality "1"]

1. d4 Nf6 2. Bg5 d5 3. Bxf6 exf6 4. e3 Bd6 5. c4 c6 6. Nc3 dxc4 7. Bxc4 0-0 8. Nf3 Be6 9. Bxe6 fxe6 10. Qb3 Qe7 11. Rd1 Kh8 12. 0-0 b6 13. e4 1/2-1/2